000 00458nam a2200157 i 4500
001 52880
003 ES-MaACL
005 20230906162649.0
007 t|
008 030905s1914 fr ||||1| fre d
100 1 _aDejerine, Joseph Jules.
_943263
245 1 0 _aSémiologie des afections du systéme nerveux /
_cpar Joseph Jules Dejerine.
260 _aparis :
_b[s.n.],
_c1914 (
_fLahure)
300 _aXXVI, 1212 p. ;
_c26 cm.
852 _aES-MaACL
_jC-11713
999 _c52880
_d52880